Allgemeinwissen-Quiz #12 - Statistiken

Allgemein
  • Dieses Quiz wurde 103 mal gespielt
  • Das Durchschnittsergebnis liegt bei 12 aus 20
Antwortstatistiken
Frage Antwort % Korrekt
Eine Allergie gegen Blütenpollen nennt man? Heuschnupfen
95%
Welches Werkzeug kommt bei Entbindungen öfter mal zum Einsatz? Geburtszange
92%
Boxer brauchen eine gute? Führhand
89%
Wie heissen die biblischen Städte richtig: Sodom und? Gomorra
84%
Welches Wort passt nicht zu den anderen? (Tipp: Palindrom) Kanu
82%
In welchem Land ist Vegemite, weit vor Nutella, der beliebteste Brotaufstrich? Australien
81%
In welcher Sportart gibt es einen Rittberger? Eiskunstlaufen
80%
Was passiert hauptsächlich im Dünndarm? Nährstoffe werden aufgenommen
77%
Eine Analogie: Blut steht zu Wunde wie Rauch zu? Schornstein
77%
Wer schrieb die Novelle "Der Schimmelreiter"? Theodor Storm
59%
Wie viele Streifen sind auf der US-Flagge? 13
58%
Was ist ein Hauptprodukt der Fotosynthese in Pflanzen? Glukose
55%
Welcher Politiker hat den Literaturnobelpreis erhalten? Winston Churchill
48%
Für die Sowjetunion war 1961 die Mission "Wostok 1" ein grandioser Erfolg über den Erzfeind USA. Was war "Wostok 1"? das erste bemannte Raumschiff
47%
Wofür war Alvar Aalto bekannt? Für seine organisch geformten Glasvasen
47%
Welcher Sternentyp ist Voraussetzung für ein Schwarzes Loch? ein blauer Riese
39%
Welches der folgenden Reiche hatte keine Schriftsprache? Inka
38%
Wie heissen Pflanzen, die Wasser speichern? Sukkulenten
36%
Welches ist aus gärtnerischer Sicht kein Obst? Kürbis
35%
Welcher Baum eignet sich ganz besonders gut für den Geigenbau? Fichte
16%
Keine übereinstimmenden Quizze gefunden
Verteilung der Resultate
Anzahl Personen mit jedem Resultat
Perzentil nach korrekt beantworteten Fragen
Ihre Resultats-Entwicklung
Sie haben dieses Quiz noch nicht gespielt